| 000 -LEADER |
| fixed length control field |
00414cam a22001217a 4500 |
| 008 - FIXED-LENGTH DATA ELEMENTS--GENERAL INFORMATION |
| fixed length control field |
180718b1973 xxu||||| |||| 00| 0 eng d |
| 082 ## - DEWEY DECIMAL CLASSIFICATION NUMBER |
| Classification number |
Px54 In2in |
| 100 ## - MAIN ENTRY--PERSONAL NAME |
| Personal name |
Deleon, Asher |
| 245 ## - TITLE STATEMENT |
| Title |
Informal education: why, where and how it could be implemented |
| Statement of responsibility, etc. |
by Asher Deleon |
| 260 ## - PUBLICATION, DISTRIBUTION, ETC. |
| Place of publication, distribution, etc. |
New Delhi |
| Name of publisher, distributor, etc. |
The Manager, Governement of India |
| Date of publication, distribution, etc. |
1973 |
| 300 ## - PHYSICAL DESCRIPTION |
| Extent |
25p. |
| 700 ## - ADDED ENTRY--PERSONAL NAME |
| Personal name |
India. Ministry of Education and Social Welfare |